[Event "GER-chT U14 Girls"]
[Site "Dittrichshuette"]
[Date "2004.12.29"]
[Round "5.1"]
[White "Mertens, Pauline"]
[Black "Schulte, Lena"]
[Result "1-0"]
[WhiteElo "1604"]
[BlackElo "1260"]
[PlyCount "32"]
[EventDate "2004.12.27"]
[EventType "team"]
[EventRounds "6"]
[EventCountry "GER"]
[SourceTitle "EXT 2006"]
[Source "ChessBase"]
[SourceDate "2005.11.24"]
[SourceVersion "1"]
[SourceVersionDate "2005.11.24"]
[SourceQuality "1"]

1. e4 e5 2. Nf3 Nc6 3. d4 exd4 4. Nxd4 Qh4 5. Nb5 Qxe4+ 6. Be2 Qxg2 7. Bf3 Qg6 8. Nxc7+ Kd8 9. Nxa8 Nf6 10. Be3 Nb4 11. a3 Nc6 12. Qd2 Bb4 13. c3 Bxa3 14. Nxa3 Ne4 15. Bxe4 Qxe4 16. 0-0-0 Qa4 1-0